Counting To 100 In 30 Seconds - Statistics

General Stats
  • This quiz has been taken 1,141 times
  • The average score is 41 of 100
Answer Stats
Answer % Correct
1
100%
2
100%
3
99%
5
99%
7
99%
4
98%
6
98%
9
98%
8
97%
11
95%
10
94%
12
94%
13
92%
14
92%
15
91%
16
91%
17
91%
18
89%
19
89%
21
87%
20
83%
23
83%
22
82%
24
80%
25
80%
26
78%
28
77%
27
76%
29
75%
30
70%
31
70%
32
69%
34
65%
33
63%
35
60%
36
58%
37
56%
38
55%
39
54%
40
49%
41
49%
42
46%
43
44%
44
42%
45
42%
46
38%
47
36%
48
35%
49
33%
50
26%
51
26%
52
24%
53
23%
54
23%
55
20%
56
18%
57
16%
58
15%
59
15%
60
12%
61
12%
62
11%
63
10%
65
9%
66
9%
64
8%
67
8%
68
6%
71
6%
73
6%
77
6%
88
6%
93
6%
99
6%
70
5%
72
5%
74
5%
78
5%
84
5%
90
5%
91
5%
92
5%
94
5%
95
5%
98
5%
69
4%
76
4%
81
4%
82
4%
89
4%
96
4%
97
4%
100
3%
75
3%
83
3%
79
2%
80
2%
85
2%
86
2%
87
2%
No matching quizzes found
Score Distribution
Percent of People with Each Score
Percentile by Number Answered
Your Score History
You have not taken this quiz